000 00185 a2200097 4500
020 _a9780545160575
041 _aspa
100 _aAnne Mazer
245 _aMi hermana magica
942 _cBK
999 _c29155
_d29153